00499nam a22001457a 4500020001800000082001400018100003300032245006600065260005700131300000800188650002600196942000700222952010700229999001700336 a0-912776-62-5 a291.4 PRA aThe Bhaktivedanta Book Trust aPerfect Questions, Perfect Answers: Conversations between... aMumbaibThe Bhaktivedanta Book Trust Pvt. Ltd.c2015 a110 aHinduism-Spirituality cBK 00104070aHMIbHMIcFICd2017-07-31eAmazong100.00l0o291.4 PRAp25313r2017-07-31w2017-07-31yBK c20570d20570